| 000 | 00844nam a22002177a 4500 | ||
|---|---|---|---|
| 999 |
_c18453 _d18453 |
||
| 003 | AR-CdUCM | ||
| 008 | 190514b ||||| |||| 00| 0 spa d | ||
| 040 |
_aMUNICIPALIDAD PROVINCIAL DEL CUSCO _cBIBLIOTECA MUNICIPAL DEL CUSCO |
||
| 082 |
_a985.008 / _bD72 |
||
| 110 |
_aDocumental del Perú _916724 |
||
| 245 | _aEl reto geográfico y el hombre peruano / | ||
| 260 | _aPeru : | ||
| 300 |
_a160 paginas ; _bIlustraciones, _c22 cm. |
||
| 440 |
_aSegunda serie (serie roja) _939061 |
||
| 505 | _aContenido : v.1: La amazonia peruana -- El fabuloso valle de amazonas -- Un fantástico imperio de ríos -- Los lagos el mundo del silencio y de la abundancia -- Potencial agropecuario... | ||
| 650 |
_aAmazonia peruana _97545 |
||
| 650 |
_aRios _9918 |
||
| 650 |
_aValle del amazonas _939062 |
||
| 942 |
_2ddc _cLIBROS |
||
| 945 |
_awnts _d2019-05-14 |
||